Catálogo
 En Linea
Vista normal Vista MARC

Entrada Nombre geográfico

Número de registros utilizados en: 2

001 - NÚMERO DE CONTROL

  • campo de control: 305

003 - IDENTIFICADOR DEL NÚMERO DE CONTROL

  • campo de control: OSt

005 - FECHA Y HORA DE LA ÚLTIMA TRANSACCIÓN

  • campo de control: 20200615031932.0

008 - DATOS DE LONGITUD FIJA

  • campo de control de longitud fija: 200615|| aca||aabn | a|a d

040 ## - FUENTE DE LA CATALOGACIÓN

  • Centro catalogador/agencia de origen: OSt
  • Centro/agencia transcriptor: OSt

151 ## - ENCABEZAMIENTO--NOMBRE GEOGRÁFICO

  • Nombre geográfico: REPÚBLICA DOMINICANA
  • Subdivisión general: HISTORIA
  • Subdivisión cronológica: 1530-1546

670 ## - FUENTE DE DATOS ENCONTRADOS

  • Cita de la fuente: Work cat.: (OSt)92: Santo Domingo (Colonia Española) Real Audiencia 304, Cartas de la Real Audiencia de Santo Domingo (1530-1546) /, 2007.

Con tecnología Koha